<?xml version="1.0" encoding="UTF-8"?>
<record
    xmlns:xsi="http://www.w3.org/2001/XMLSchema-instance"
    xsi:schemaLocation="http://www.loc.gov/MARC21/slim http://www.loc.gov/standards/marcxml/schema/MARC21slim.xsd"
    xmlns="http://www.loc.gov/MARC21/slim">

  <leader>01565cam a22003491  4500</leader>
  <controlfield tag="001">sa 68018309 </controlfield>
  <controlfield tag="003">DLC</controlfield>
  <controlfield tag="005">20260227112710.0</controlfield>
  <controlfield tag="008">860616s1968    ii            000 0 san  </controlfield>
  <datafield tag="010" ind1=" " ind2=" ">
    <subfield code="a">sa 68018309 </subfield>
  </datafield>
  <datafield tag="020" ind1=" " ind2=" ">
    <subfield code="c">6.00</subfield>
  </datafield>
  <datafield tag="025" ind1=" " ind2=" ">
    <subfield code="a">PL480: I-San-1967</subfield>
  </datafield>
  <datafield tag="035" ind1=" " ind2=" ">
    <subfield code="a">(OCoLC)14148470</subfield>
  </datafield>
  <datafield tag="040" ind1=" " ind2=" ">
    <subfield code="a">DLC</subfield>
    <subfield code="c">NN</subfield>
    <subfield code="d">DLC</subfield>
  </datafield>
  <datafield tag="041" ind1="0" ind2=" ">
    <subfield code="a">sanhin</subfield>
  </datafield>
  <datafield tag="050" ind1="0" ind2="0">
    <subfield code="a">PK541</subfield>
    <subfield code="b">.V336 1968</subfield>
  </datafield>
  <datafield tag="100" ind1="0" ind2=" ">
    <subfield code="a">Varadar&#x101;ja,</subfield>
    <subfield code="d">active 17th century.</subfield>
  </datafield>
  <datafield tag="245" ind1="1" ind2="0">
    <subfield code="a">Madhyasiddh&#x101;ntakaumud&#x12B;.</subfield>
    <subfield code="c">&#x15A;r&#x12B;varadar&#x101;j&#x101;c&#x101;ryaviracit&#x101;. 'Sudh&#x101;' 'Indumat&#x12B;' Sa&#x1E43;skr&#x325;ta Hind&#x12B;vy&#x101;khyopet&#x101;. Sa&#x1E43;skr&#x325;tavy&#x101;khy&#x101;k&#x101;ra&#x1E25; &#x15A;r&#x12B;sad&#x101;&#x15B;iva&#x15B;&#x101;str&#x12B; Jo&#x15B;&#x12B;. Hind&#x12B;vy&#x101;khy&#x101;k&#x101;ra&#x1E25; &#x15A;r&#x12B;r&#x101;macandra Jh&#x101;.</subfield>
  </datafield>
  <datafield tag="250" ind1=" " ind2=" ">
    <subfield code="a">[3. sa&#x1E43;skara&#x1E47;a]</subfield>
  </datafield>
  <datafield tag="260" ind1=" " ind2=" ">
    <subfield code="a">V&#x101;r&#x101;&#x1E47;as&#x12B;,</subfield>
    <subfield code="b">Caukhamb&#x101; Sa&#x1E43;skr&#x325;ta S&#x12B;r&#x12B;ja &#x100;phisa,</subfield>
    <subfield code="c">1968.</subfield>
  </datafield>
  <datafield tag="300" ind1=" " ind2=" ">
    <subfield code="a">16,740 p.</subfield>
    <subfield code="b">19cm.</subfield>
  </datafield>
  <datafield tag="440" ind1=" " ind2="0">
    <subfield code="a">Harid&#x101;sa-Sa&#x1E43;skr&#x325;ta-grantham&#x101;l&#x101;,</subfield>
    <subfield code="v">213</subfield>
  </datafield>
  <datafield tag="500" ind1=" " ind2=" ">
    <subfield code="a">In Sanskrit; commentaries in Hindi and Sanskrit; introductory matter in Hindi.</subfield>
  </datafield>
  <datafield tag="500" ind1=" " ind2=" ">
    <subfield code="a">The Madhyasiddhantakaumud&#x12B; by Varadar&#x101;ja is an abridgement of and based on the Siddh&#x101;ntakaumud&#x12B; of Bha&#x1E6D;&#x1E6D;oj&#x12B; D&#x12B;k&#x1E63;ita, which is in turn a commentary on P&#x101;&#x1E47;ini's A&#x1E63;&#x1E6D;&#x101;dhy&#x101;yi.</subfield>
  </datafield>
  <datafield tag="500" ind1=" " ind2=" ">
    <subfield code="a">Cover title: Vaiy&#x101;kara&#x1E47;a-madhyasiddh&#x101;nta-kaumud&#x12B;.</subfield>
  </datafield>
  <datafield tag="650" ind1=" " ind2="0">
    <subfield code="a">Sanskrit language</subfield>
    <subfield code="x">Grammar.</subfield>
  </datafield>
  <datafield tag="700" ind1="0" ind2=" ">
    <subfield code="a">Bha&#x1E6D;&#x1E6D;oj&#x12B; D&#x12B;k&#x1E63;ita.</subfield>
    <subfield code="t">Siddh&#x101;ntakaumud&#x12B;.</subfield>
  </datafield>
  <datafield tag="700" ind1="0" ind2=" ">
    <subfield code="a">P&#x101;&#x1E47;ini.</subfield>
    <subfield code="t">A&#x1E63;&#x1E6D;&#x101;dhy&#x101;yi.</subfield>
  </datafield>
  <datafield tag="700" ind1="1" ind2=" ">
    <subfield code="a">Jo&#x15B;&#x12B;, Sad&#x101;&#x15B;iva&#x15B;&#x101;stri.</subfield>
    <subfield code="t">Sudh&#x101;.</subfield>
  </datafield>
  <datafield tag="700" ind1="1" ind2=" ">
    <subfield code="a">Jh&#x101;, R&#x101;macandra.</subfield>
    <subfield code="t">Indumat&#x12B;.</subfield>
  </datafield>
  <datafield tag="740" ind1="0" ind2=" ">
    <subfield code="a">Vaiyakara&#x1E47;a-madhyasiddh&#x101;ntakaumud&#x12B;.</subfield>
  </datafield>
  <datafield tag="999" ind1=" " ind2=" ">
    <subfield code="c">88316</subfield>
    <subfield code="d">88316</subfield>
  </datafield>
</record>
